[Event "Minsk Kupreichik Memorial op"]
[Site "Minsk"]
[Date "2018.06.22"]
[Round "5"]
[White "Cherepov, Alexej"]
[Black "Polovkov, Valery"]
[Result "1-0"]
[WhiteElo "2175"]
[BlackElo "1812"]
[PlyCount "67"]
[EventDate "2018.06.21"]
[EventType "swiss (rapid)"]
[EventRounds "11"]
[EventCountry "BLR"]
[SourceTitle "CBM 185 Extra"]
[Source "ChessBase"]
[SourceDate "2018.07.29"]
[SourceVersion "1"]
[SourceVersionDate "2018.07.29"]
[SourceQuality "1"]

1. d4 b6 2. e4 Bb7 3. Bd3 e6 4. Nf3 g6 5. Bg5 f6 6. Be3 Bg7 7. h4 h5 8. c4 Ne7 9. Nc3 a6 10. Qd2 d6 11. 0-0-0 Nd7 12. Rhg1 f5 13. Ng5 Nf8 14. f3 Qd7 15. Qe2 Bf6 16. e5 Bxg5 17. Bxg5 d5 18. Kb1 c6 19. Bf6 Rh7 20. g4 hxg4 21. fxg4 b5 22. cxb5 axb5 23. a3 Ba6 24. Na2 Qb7 25. Nb4 Nd7 26. h5 gxh5 27. gxf5 exf5 28. Bxe7 Rxe7 29. Rg8+ Nf8 30. Qxh5+ Kd7 31. Nxa6 Qxa6 32. Bxf5+ Kc7 33. Qh6 Kb7 34. Rxf8 1-0

[Event "Minsk op"]
[Site "Minsk"]
[Date "2010.08.09"]
[Round "6"]
[White "Kocheev, Aleksandr"]
[Black "Polovkov, Valery"]
[Result "1-0"]
[WhiteElo "2259"]
[BlackElo "2062"]
[PlyCount "112"]
[EventDate "2010.08.04"]
[EventType "swiss"]
[EventRounds "9"]
[EventCountry "BLR"]
[SourceTitle "CBM 137 Extra"]
[Source "ChessBase"]
[SourceDate "2010.09.01"]
[SourceVersion "1"]
[SourceVersionDate "2010.09.01"]
[SourceQuality "1"]

1. e4 d6 2. d4 Nf6 3. Nc3 g6 4. Bg5 Bg7 5. e5 Nfd7 6. exd6 cxd6 7. Nf3 0-0 8. Bc4 Nf6 9. h3 a6 10. a4 Nc6 11. 0-0 Bd7 12. Re1 Rc8 13. Bf4 Qa5 14. Qd2 Rfe8 15. Ng5 d5 16. Nxd5 Nxd5 17. Qxa5 Nxa5 18. Bxd5 e6 19. Be4 f5 20. Bd3 Bxd4 21. c3 Bf6 22. Nf3 Nc4 23. Re2 Nxb2 24. Rxb2 Rxc3 25. Ne1 Rc5 26. Rxb7 Bxa1 27. Rxd7 a5 28. Bb5 Rec8 29. Re7 e5 30. Bd2 Ra8 31. Be3 Rcc8 32. Bd7 Rd8 33. Nf3 e4 34. Ng5 h6 35. Be6+ Kf8 36. Rf7+ Ke8 37. Nh7 Ra6 38. Rf8+ Ke7 39. Bc5+ Kxe6 40. Rxd8 Rc6 41. Nf8+ Kf7 42. Rd7+ Kg8 43. Bd6 g5 44. Ng6 Rc1+ 45. Kh2 Rd1 46. g3 Rd2 47. g4 f4 48. Kg2 Bd4 49. Ne7+ Kf7 50. Nf5+ Ke6 51. Re7+ Kd5 52. Nxd4 Rxd4 53. Bc7 Rxa4 54. Re5+ Kd4 55. Rxa5 Rc4 56. Bb8 Kd3 1-0

[Event "Minsk op"]
[Site "Minsk"]
[Date "2010.08.07"]
[Round "4"]
[White "Tihonov, Jurij"]
[Black "Polovkov, Valery"]
[Result "1-0"]
[WhiteElo "2469"]
[BlackElo "2062"]
[PlyCount "59"]
[EventDate "2010.08.04"]
[EventType "swiss"]
[EventRounds "9"]
[EventCountry "BLR"]
[SourceTitle "CBM 137 Extra"]
[Source "ChessBase"]
[SourceDate "2010.09.01"]
[SourceVersion "1"]
[SourceVersionDate "2010.09.01"]
[SourceQuality "1"]

1. d4 Nf6 2. c4 g6 3. Nc3 Bg7 4. e4 d6 5. h3 0-0 6. Be3 Nbd7 7. Bd3 c6 8. Bc2 a6 9. Nf3 b5 10. c5 Ne8 11. 0-0 Qc7 12. Bb3 Bb7 13. Rc1 dxc5 14. dxc5 Rd8 15. Qc2 Bc8 16. Rcd1 h6 17. Nh4 Kh7 18. f4 e5 19. f5 g5 20. Nf3 Bf6 21. g4 Be7 22. Ne2 f6 23. h4 Kg7 24. Kg2 Qa7 25. Ng3 Rh8 26. Rh1 Nc7 27. Nh5+ Kf8 28. hxg5 fxg5 29. Rxd7 Rxd7 30. Nxe5 1-0